| 000 | 00623nam a2200181Ia 4500 | ||
|---|---|---|---|
| 008 | 090630s9999 xx 000 0 und d | ||
| 082 | _b27620 | ||
| 100 | _aतिबिले अनंत. | ||
| 245 |
_aऋणानुबंध. _cतिबिले अनंत. |
||
| 260 | _bनंदादीप बुक सर्व्हिसेस - सोलापूर. | ||
| 300 | _a264 | ||
| 600 | _aतिबिले अनंत. | ||
| 630 | _aऋणानुबंध. | ||
| 655 | _aकादंबरी. | ||
| 700 | _aतिबिले अनंत. | ||
| 730 | _aऋणानुबंध. | ||
| 942 | _cBOOK | ||
| 999 |
_c279476 _d279476 |
||